[Event "GER-ch Youth U12M 2018"]
[Site "Willingen"]
[Date "2018.05.25"]
[Round "9"]
[White "Metzdorf, Matteo"]
[Black "Bakiev, Diyor"]
[Result "1/2-1/2"]
[WhiteElo "1832"]
[BlackElo "1752"]
[Annotator "NA RC"]
[PlyCount "79"]
[EventDate "2018.05.19"]
[EventType "swiss"]
[EventCountry "GER"]
[SourceTitle "playchess.com"]
[Source "ChessBase"]
[SourceQuality "1"]
[TimeControl "40/4500+30:900+30"]

1. e4 {[%emt 0:00:00]} e5 {[%emt 0:00:07]} 2. Nf3 {[%emt 0:00:00]} Nc6 {[%emt 0:00:05]} 3. Bb5 {[%emt 0:00:00]} a6 {[%emt 0:00:10]} 4. Ba4 {[%emt 0:00:00]} Nf6 {[%emt 0:00:15]} 5. O-O {[%emt 0:00:00]} Be7 {[%emt 0:00:08]} 6. Re1 {[%emt 0:00:02]} b5 {[%emt 0:00:09]} 7. Bb3 {[%emt 0:00:02]} O-O {[%emt 0:00:09]} 8. a4 {[%emt 0:01:21]} Bb7 {[%emt 0:00:58]} 9. c3 {[%emt 0:00:07]} d6 {[%emt 0:02:25]} 10. d4 {[%emt 0:01:06]} h6 {[%emt 0:02:42]} 11. Nbd2 {[%emt 0:02:16] C90: Spanische Partie (Abweichungen von der Hauptvariante)} Re8 {[%emt 0:01:00]} 12. Nf1 {[%emt 0:01:38]} Bf8 {[%emt 0:04:03] LiveBook: 5 Games} 13. Ng3 {[%emt 0:03:10]} g6 {[%emt 0:03:36]} (13... Qd7 14. h3 Rad8 15. axb5 axb5 16. dxe5 Nxe5 17. Nxe5 Rxe5 18. Bf4 Ree8 19. Qf3 Nh7 20. Ra7 Bc6 21. Bd2 g6 22. Rea1 d5 23. exd5 Bxd5 24. Bxd5 Qxd5 25. Qxd5 Rxd5 {1-0 (47) Alekseenko,K (2580)-Ponkratov,P (2607) Khanty-Mansiysk 2016}) 14. Nh4 {[%emt 0:27:53]} g5 $146 {[%emt 0:15:54]} ({Vorgänger:} 14... d5 15. axb5 axb5 16. Rxa8 Bxa8 17. exd5 Nxd5 18. Qg4 Na5 19. Nxg6 Nf6 20. Bxf7+ Kxf7 21. Nh8+ Ke7 22. Rxe5+ Kd6 23. Nf7+ {1-0 (23) Paal,A (2175)-Bernath,R (2188) Heves 2001}) 15. Nhf5 {[%emt 0:00:59]} exd4 {[%emt 0:00:45]} 16. cxd4 {[%emt 0:00:19]} Ne7 {[%emt 0:00:46]} 17. f3 {[%emt 0:08:55]} Nxf5 {[%emt 0:02:41]} 18. Nxf5 {[%emt 0:00:18]} Qd7 {[%emt 0:06:10]} (18... Bc8 $16) 19. Bc2 {[%emt 0:08:27]} c5 {[%emt 0:07:47]} (19... Qe6 $142 20. h4 gxh4 21. Bxh6 Nxe4) 20. h4 {[%emt 0:03:54]} d5 {[%emt 0:10:04]} (20... Qe6 {ist wohl besser.} 21. hxg5 hxg5 22. Bxg5 b4) 21. hxg5 {[%emt 0:02:00]} hxg5 {[%emt 0:00:30]} 22. Bxg5 dxe4 {[%emt 0:02:42]} 23. fxe4 {[%emt 0:06:46]} ({Not} 23. Bxf6 $2 Qxf5 24. Bh4 Qh5 $19) 23... Nh7 {[%emt 0:12:53]} 24. Qg4 {[%emt 0:01:03]} Kh8 {[%emt 0:01:13]} 25. Qh3 $18 {[%emt 0:08:34]} Qe6 {[%emt 0:02:31]} 26. e5 {[%emt 0:00:45]} Qg6 {[%emt 0:00:56]} 27. Bf6+ {[%emt 0:01:30]} Kg8 {[%emt 0:00:32]} 28. Ne7+ {[%emt 0:01:02]} Bxe7 {[%emt 0:01:26]} 29. Bxg6 {[%emt 0:00:08]} fxg6 {[%emt 0:00:28]} 30. Qh6 {[%emt 0:01:29]} Bxf6 {[%emt 0:00:57]} 31. exf6 {[%emt 0:00:36]} Nxf6 {[%emt 0:01:12]} 32. Qxg6+ {[%emt 0:00:29]} Kf8 {[%emt 0:00:10]} 33. Qxf6+ {[%emt 0:00:15]} Kg8 {[%emt 0:00:04]} 34. Rxe8+ {[%emt 0:00:41]} Rxe8 {[%emt 0:00:04]} 35. Qg6+ {[%emt 0:00:04]} Kf8 {[%emt 0:00:04]} 36. Rf1+ {[%emt 0:00:06]} Ke7 {[%emt 0:00:06]} 37. Re1+ {[%emt 0:00:03]} Kd7 {[%emt 0:01:40]} 38. Qxe8+ {[%emt 0:00:37]} Kc7 {[%emt 0:00:33]} 39. Re7+ {[%emt 0:00:12]} Kb6 {[%emt 0:00:07]} 40. Qd8+ {[%emt 0:00:24]} 1/2-1/2

[Event "GER-ch Youth U12M 2018"]
[Site "Willingen"]
[Date "2018.05.25"]
[Round "9"]
[White "Schubert, Nikita"]
[Black "Werner, Denis"]
[Result "1-0"]
[WhiteElo "1802"]
[BlackElo "1706"]
[Annotator "NA"]
[PlyCount "143"]
[EventDate "2018.05.19"]
[EventType "swiss"]
[EventCountry "GER"]
[SourceTitle "playchess.com"]
[Source "ChessBase"]
[SourceQuality "1"]
[TimeControl "40/4500+30:900+30"]

1. d4 {[%emt 0:00:00]} d5 {[%emt 0:00:20]} 2. Nf3 {[%emt 0:00:00]} Nf6 {[%emt 0:00:39]} 3. g3 {[%emt 0:00:00]} c6 {[%emt 0:00:30]} 4. Bg2 {[%emt 0:00:00]} Bf5 {[%emt 0:00:46]} 5. O-O {[%emt 0:00:29]} h6 {[%emt 0:00:42]} 6. c4 {[%emt 0:00:50]} e6 {[%emt 0:00:40]} 7. Nc3 {[%emt 0:01:49]} Be7 {[%emt 0:00:48]} 8. Qb3 {[%emt 0:02:18]} Qb6 {[%emt 0:01:22]} 9. c5 {[%emt 0:01:20]} Qxb3 {[%emt 0:01:38]} 10. axb3 {[%emt 0:00:07]} O-O {[%emt 0:00:44] D11: Slav Defence: 3 Nf3 sidelines and 3...Nf6 4 e3 Bg4} (10... Na6 11. Ne5 Nc7 12. f3 Nd7 13. Nxd7 Kxd7 14. e4 Bh7 15. b4 a6 16. Na4 Rae8 17. Nb6+ Kd8 18. Be3 {½-½ (57) Muse,M (2379)-Johansson,L (2399) Germany 2016}) 11. b4 {[%emt 0:08:35]} a6 {[%emt 0:03:13]} 12. b5 {[%emt 0:11:14]} cxb5 {[%emt 0:02:15]} 13. Nxb5 {[%emt 0:00:16]} Nc6 {[%emt 0:00:20]} 14. Nc3 {[%emt 0:02:19]} Nd7 {[%emt 0:03:58]} 15. Na4 {[%emt 0:18:51]} Bc2 $146 {[%emt 0:01:28]} ({Predecessor:} 15... Bf6 16. Rd1 Bc2 17. Rd2 Be4 18. e3 {0-1 (29) Wenzel,B (1952)-Luckow,R (2190) Germany 2015}) 16. Bd2 {[%emt 0:00:48]} Bxa4 {[%emt 0:02:52]} 17. Rxa4 {[%emt 0:00:16]} f5 {[%emt 0:03:25]} 18. Rfa1 {[%emt 0:02:25]} Kh7 {[%emt 0:03:11]} 19. b4 {[%emt 0:04:23]} Rac8 {[%emt 0:01:28]} 20. e3 {[%emt 0:02:46]} Ndb8 {[%emt 0:02:30]} 21. Bf1 {[%emt 0:01:02]} Bd8 {[%emt 0:02:05]} 22. Rb1 {[%emt 0:06:52]} Rf7 {[%emt 0:02:11]} 23. Ra2 {[%emt 0:02:01]} Bf6 {[%emt 0:01:46]} 24. Bc3 {[%emt 0:02:45]} (24. b5 $142 axb5 25. Rxb5 (25. Bxb5 Rfc7 $16)) 24... g5 {[%emt 0:02:10]} 25. b5 {[%emt 0:01:35]} axb5 {[%emt 0:00:21]} 26. Bxb5 {[%emt 0:00:29]} Rcc7 {[%emt 0:02:13]} 27. Bd3 {[%emt 0:02:18]} Kg7 {[%emt 0:00:49]} 28. Be2 {[%emt 0:02:09]} Kg6 {[%emt 0:00:44]} 29. Rab2 {[%emt 0:00:48]} Rg7 {[%emt 0:01:24]} 30. Kf1 {[%emt 0:00:59]} Rgf7 {[%emt 0:01:03]} 31. Bd3 {[%emt 0:01:14]} Kg7 {[%emt 0:00:08]} 32. Ke2 {[%emt 0:01:15]} Kf8 {[%emt 0:01:15]} 33. Bb5 {[%emt 0:02:39]} Kg7 {[%emt 0:00:20]} 34. Rh1 {[%emt 0:00:11]} h5 {[%emt 0:01:25]} 35. h4 {[%emt 0:03:09]} g4 {[%emt 0:00:17]} 36. Ne1 {[%emt 0:00:50]} e5 {[%emt 0:00:41]} 37. Kd3 {[%emt 0:01:21]} Kh7 {[%emt 0:01:21]} 38. Ng2 {[%emt 0:00:49]} Rfe7 {[%emt 0:02:20]} 39. Ra1 {[%emt 0:02:20]} Kg7 {[%emt 0:01:32]} (39... Nd7 $14) 40. Ra4 {[%emt 0:00:43]} Rc8 {[%emt 0:16:40]} ({Black should play} 40... Nd7 $14) 41. Ra8 {[%emt 0:02:40]} Rcc7 {[%emt 0:00:00]} 42. Ba5 {[%emt 0:03:32]} Nxa5 {[%emt 0:00:00]} 43. Rxa5 {[%emt 0:00:08]} Nc6 {[%emt 0:00:00]} 44. Bxc6 {[%emt 0:00:35]} bxc6 {[%emt 0:00:00]} 45. Ra6 {[%emt 0:00:54]} Re8 {[%emt 0:00:00]} 46. Rbb6 {[%emt 0:00:55]} Rec8 {[%emt 0:00:00]} 47. Ne1 {[%emt 0:00:13]} exd4 {[%emt 0:00:00]} 48. exd4 {[%emt 0:00:26]} Re7 {[%emt 0:00:00]} 49. Nc2 {[%emt 0:01:29]} Re6 {[%emt 0:00:00]} 50. Ne3 {[%emt 0:02:57]} Bd8 {[%emt 0:00:00]} 51. Rb7+ {[%emt 0:01:18]} Kf6 {[%emt 0:00:00]} 52. Ng2 {[%emt 0:01:00]} Bc7 {[%emt 0:00:00]} 53. Raa7 {[%emt 0:01:18]} Bb8 {[%emt 0:00:00]} 54. Ra8 {[%emt 0:00:42]} Ree8 {[%emt 0:00:00]} 55. Rb6 {[%emt 0:00:34]} Kf7 {[%emt 0:00:00]} 56. Raa6 {[%emt 0:01:43]} Re6 $18 {[%emt 0:00:00]} (56... Re7 {ist eine bessere Verteidigung.} 57. Rxc6 Rxc6 58. Rxc6 Ra7) 57. Rb7+ {[%emt 0:01:06]} Kf6 {[%emt 0:00:00]} 58. Rab6 {[%emt 0:00:40]} Ree8 $2 {[%emt 0:00:14]} (58... Bc7 $14) 59. Rh7 {[%emt 0:00:38]} Kg6 {[%emt 0:00:12]} 60. Rd7 {[%emt 0:00:11]} Re6 {[%emt 0:01:26]} 61. Rxd5 {[%emt 0:00:54]} Bc7 {[%emt 0:00:21]} 62. Ra6 {[%emt 0:00:22]} Bb8 {[%emt 0:02:43]} 63. Rd7 {[%emt 0:00:36]} Rce8 {[%emt 0:00:53]} 64. Rb6 {[%emt 0:00:38]} Rc8 {[%emt 0:00:53]} 65. Rbb7 {[%emt 0:00:35]} Kf6 {[%emt 0:00:50]} 66. Rf7+ {[%emt 0:00:29]} Kg6 {[%emt 0:00:09]} 67. Rg7+ {[%emt 0:00:16]} Kh6 {[%emt 0:00:14]} 68. Rh7+ {[%emt 0:00:42]} Kg6 {[%emt 0:00:07]} 69. Rbg7+ {[%emt 0:00:06]} Kf6 {[%emt 0:00:07]} 70. Rf7+ {[%emt 0:00:03]} Kg6 {[%emt 0:00:06]} 71. Rhg7+ {[%emt 0:00:05]} Kh6 {[%emt 0:00:07]} 72. Ne3 {[%emt 0:00:12]} 1-0

[Event "GER-ch Youth U12M 2018"]
[Site "Willingen"]
[Date "2018.05.25"]
[Round "9"]
[White "Huo, Da"]
[Black "Klugstedt, Vincent"]
[Result "1-0"]
[WhiteElo "1790"]
[BlackElo "1689"]
[Annotator "NA RC"]
[PlyCount "73"]
[EventDate "2018.05.19"]
[EventType "swiss"]
[EventCountry "GER"]
[SourceTitle "playchess.com"]
[Source "ChessBase"]
[SourceQuality "1"]
[TimeControl "40/4500+30:900+30"]

1. e4 {[%emt 0:00:00]} c5 {[%emt 0:00:07]} 2. Nf3 {[%emt 0:00:00]} Nc6 {[%emt 0:00:06]} 3. d4 {[%emt 0:00:00]} cxd4 {[%emt 0:00:05]} 4. Nxd4 {[%emt 0:00:00]} g6 {[%emt 0:00:07]} 5. Nc3 {[%emt 0:00:01]} Bg7 {[%emt 0:00:06]} 6. Be3 {[%emt 0:00:05]} Nf6 {[%emt 0:00:59]} 7. f3 {[%emt 0:01:36]} d6 {[%emt 0:01:05]} 8. Qd2 {[%emt 0:00:19]} O-O {[%emt 0:00:57]} 9. O-O-O {[%emt 0:01:07]} Nxd4 {[%emt 0:02:15]} 10. Bxd4 {[%emt 0:01:58]} Be6 {[%emt 0:01:11]} 11. Kb1 {[%emt 0:00:11]} a6 {[%emt 0:02:06]} 12. h4 {[%emt 0:05:56]} h5 {[%emt 0:01:46]} 13. Be2 {[%emt 0:10:15]} b5 {[%emt 0:06:01]} 14. Rhg1 {[%emt 0:10:42]} b4 {[%emt 0:12:45]} 15. Nd5 {[%emt 0:03:09]} Bxd5 {[%emt 0:01:26]} 16. exd5 {[%emt 0:00:07]} Qa5 {[%emt 0:01:51]} 17. Bc4 {[%emt 0:01:08]} Rab8 {[%emt 0:02:50]} 18. Bb3 {[%emt 0:02:30]} Rb5 {[%emt 0:02:03]} 19. Be3 {[%emt 0:08:58]} Qc7 {[%emt 0:06:48]} 20. Qd3 {[%emt 0:11:31]} Qb7 {[%emt 0:02:17]} 21. Rd2 {[%emt 0:00:48]} Nd7 {[%emt 0:06:37]} 22. Bd4 {[%emt 0:02:26]} Bh6 {[%emt 0:04:04]} 23. Re2 {[%emt 0:01:45]} Nc5 {[%emt 0:00:55]} 24. Bxc5 {[%emt 0:00:36]} Rxc5 {[%emt 0:00:22]} 25. g4 {[%emt 0:00:35]} hxg4 {[%emt 0:04:02]} 26. fxg4 {[%emt 0:00:35]} a5 {[%emt 0:03:44]} 27. h5 {[%emt 0:03:01]} g5 {[%emt 0:00:57]} 28. Rge1 {[%emt 0:01:15]} Rc7 {[%emt 0:01:53]} 29. Qf5 {[%emt 0:02:28]} Qa7 {[%emt 0:01:41]} 30. c4 {[%emt 0:04:44]} Kg7 {[%emt 0:05:53]} 31. Bc2 {[%emt 0:00:23]} Rh8 {[%emt 0:00:11]} 32. Rf1 {[%emt 0:00:44]} f6 {[%emt 0:00:13]} 33. Re6 {[%emt 0:01:56]} Qd4 {[%emt 0:01:21]} 34. Qg6+ {[%emt 0:00:19]} Kf8 {[%emt 0:00:06]} 35. Re4 {[%emt 0:01:36]} Qc5 {[%emt 0:01:39]} 36. Rxf6+ {[%emt 0:00:10]} exf6 {[%emt 0:00:27]} 37. Re8# {[%emt 0:00:04] f5} 1-0

[Event "GER-ch Youth U12M 2018"]
[Site "Willingen"]
[Date "2018.05.25"]
[Round "9"]
[White "Hecht, Jonas Christian"]
[Black "Garner, Isaac"]
[Result "1/2-1/2"]
[WhiteElo "1713"]
[BlackElo "1751"]
[Annotator "NA RC"]
[PlyCount "51"]
[EventDate "2018.05.19"]
[EventType "swiss"]
[EventCountry "GER"]
[SourceTitle "playchess.com"]
[Source "ChessBase"]
[SourceQuality "1"]
[TimeControl "40/4500+30:900+30"]

1. c4 {[%emt 0:00:00]} e6 {[%emt 0:00:07]} 2. Nc3 {[%emt 0:00:00]} d5 {[%emt 0:00:06]} 3. e3 {[%emt 0:00:45]} Nf6 {[%emt 0:00:42]} 4. Nf3 {[%emt 0:02:19]} Be7 {[%emt 0:01:46]} 5. Be2 {[%emt 0:01:21]} O-O {[%emt 0:01:24]} 6. b3 {[%emt 0:02:07]} Nbd7 {[%emt 0:02:46]} 7. Bb2 {[%emt 0:00:41]} b6 {[%emt 0:02:36]} 8. O-O {[%emt 0:02:19]} Bb7 {[%emt 0:01:03]} 9. Qc2 {[%emt 0:02:23]} c5 {[%emt 0:03:13]} 10. Rfd1 {[%emt 0:07:47]} Rc8 {[%emt 0:05:06]} 11. d3 {[%emt 0:07:50]} Qc7 {[%emt 0:05:25]} 12. h3 {[%emt 0:00:55]} a6 {[%emt 0:04:04]} 13. Rd2 {[%emt 0:01:19]} Qb8 {[%emt 0:18:22]} 14. Rad1 {[%emt 0:00:28]} Qa8 {[%emt 0:01:06]} 15. d4 {[%emt 0:06:09]} Rfd8 {[%emt 0:06:14]} 16. Ba1 {[%emt 0:10:31]} cxd4 {[%emt 0:04:54]} 17. exd4 {[%emt 0:09:33]} dxc4 {[%emt 0:03:49]} 18. bxc4 {[%emt 0:00:33]} Ne4 {[%emt 0:00:31]} 19. Nxe4 {[%emt 0:01:23]} Bxe4 {[%emt 0:00:05]} 20. Qb3 {[%emt 0:02:30]} Bf6 {[%emt 0:02:49]} 21. Bb2 {[%emt 0:05:46]} Qb7 {[%emt 0:04:51]} 22. Ba3 {[%emt 0:01:20]} Nb8 {[%emt 0:03:32]} 23. c5 {[%emt 0:09:10]} b5 {[%emt 0:03:55]} 24. Bb2 {[%emt 0:01:00]} Bd5 {[%emt 0:01:01]} 25. Qa3 {[%emt 0:01:07]} Nc6 {[%emt 0:02:12]} 26. Ba1 {[%emt 0:01:38]} 1/2-1/2

[Event "GER-ch Youth U12M 2018"]
[Site "Willingen"]
[Date "2018.05.25"]
[Round "9"]
[White "Prieb, Robert"]
[Black "May, Ben-Iven"]
[Result "1/2-1/2"]
[WhiteElo "1709"]
[BlackElo "1769"]
[Annotator "NA RC"]
[PlyCount "63"]
[EventDate "2018.05.19"]
[EventType "swiss"]
[EventCountry "GER"]
[SourceTitle "playchess.com"]
[Source "ChessBase"]
[SourceQuality "1"]
[TimeControl "40/4500+30:900+30"]

1. d4 {[%emt 0:00:00]} d5 {[%emt 0:00:20]} 2. c4 {[%emt 0:00:00]} e6 {[%emt 0:00:16]} 3. Nc3 {[%emt 0:00:14]} Nf6 {[%emt 0:00:40]} 4. Nf3 {[%emt 0:00:25]} Be7 {[%emt 0:00:26]} 5. Bf4 {[%emt 0:00:26]} O-O {[%emt 0:00:36]} 6. e3 {[%emt 0:00:30]} Nbd7 {[%emt 0:00:50]} 7. c5 {[%emt 0:00:27]} Ne4 {[%emt 0:06:13]} 8. Nxe4 {[%emt 0:00:32]} dxe4 {[%emt 0:00:09]} 9. Ne5 {[%emt 0:00:43]} Nxe5 {[%emt 0:03:16]} 10. Bxe5 {[%emt 0:00:07]} f6 {[%emt 0:06:10]} 11. Bg3 {[%emt 0:01:31]} Kh8 {[%emt 0:08:01]} 12. Bc4 {[%emt 0:01:38]} e5 {[%emt 0:01:20]} 13. O-O {[%emt 0:05:21]} exd4 {[%emt 0:05:10]} 14. exd4 {[%emt 0:01:01]} f5 {[%emt 0:00:09]} 15. Be5 {[%emt 0:04:02]} Bf6 {[%emt 0:01:09]} 16. Bxf6 {[%emt 0:02:47]} Qxf6 {[%emt 0:00:12]} 17. b4 {[%emt 0:02:02]} Bd7 {[%emt 0:01:36]} 18. d5 {[%emt 0:01:18]} b5 {[%emt 0:04:47]} 19. Bb3 {[%emt 0:00:58]} Rae8 {[%emt 0:03:43]} 20. Qd2 {[%emt 0:00:55]} f4 {[%emt 0:01:52]} 21. Rae1 {[%emt 0:07:38]} f3 {[%emt 0:02:51]} 22. Re3 {[%emt 0:15:21]} Bh3 {[%emt 0:02:06]} 23. g3 {[%emt 0:04:39]} Bxf1 {[%emt 0:00:16]} 24. Kxf1 {[%emt 0:00:02]} h5 {[%emt 0:07:39]} 25. d6 {[%emt 0:08:50]} cxd6 {[%emt 0:02:18]} 26. cxd6 {[%emt 0:00:55]} Rd8 {[%emt 0:00:16]} 27. Rxe4 {[%emt 0:01:32]} Rxd6 {[%emt 0:00:11]} 28. Qe1 {[%emt 0:00:21]} Qf5 {[%emt 0:01:29]} 29. Rh4 {[%emt 0:01:29]} Rd4 {[%emt 0:03:00]} 30. Bc2 {[%emt 0:04:45]} Qd5 {[%emt 0:05:28]} 31. Bb3 {[%emt 0:01:49]} Qf5 {[%emt 0:00:27]} 32. Bc2 {[%emt 0:00:10]} 1/2-1/2

[Event "GER-ch Youth U12M 2018"]
[Site "Willingen"]
[Date "2018.05.25"]
[Round "9"]
[White "Weidenhoefer, Max"]
[Black "Haack, Kevin"]
[Result "1/2-1/2"]
[WhiteElo "1709"]
[BlackElo "1846"]
[Annotator "NA RC"]
[PlyCount "51"]
[EventDate "2018.05.19"]
[EventType "swiss"]
[EventCountry "GER"]
[SourceTitle "playchess.com"]
[Source "ChessBase"]
[SourceQuality "1"]
[TimeControl "40/4500+30:900+30"]

1. e4 {[%emt 0:00:00]} c5 {[%emt 0:00:03]} 2. Nf3 {[%emt 0:00:00]} d6 {[%emt 0:00:05]} 3. d4 {[%emt 0:00:00]} cxd4 {[%emt 0:00:02]} 4. Nxd4 {[%emt 0:00:00]} Nf6 {[%emt 0:00:09]} 5. Nc3 {[%emt 0:00:00]} g6 {[%emt 0:00:04]} 6. f3 {[%emt 0:00:00]} Bg7 {[%emt 0:00:04]} 7. Be3 {[%emt 0:00:00]} O-O {[%emt 0:00:06]} 8. Qd2 {[%emt 0:00:03]} Nc6 {[%emt 0:00:05]} 9. O-O-O {[%emt 0:00:07]} Bd7 {[%emt 0:01:37] LiveBook: 287 Games} 10. h4 {[%emt 0:03:00]} (10. Kb1 $16) 10... h5 {[%emt 0:00:12]} 11. Nxc6 {[%emt 0:02:49]} Bxc6 {[%emt 0:02:30]} 12. Bh6 {[%emt 0:00:40]} Rc8 {[%emt 0:02:41]} 13. g4 {[%emt 0:07:02]} Qa5 {[%emt 0:06:47]} 14. Bxg7 {[%emt 0:05:40]} Kxg7 {[%emt 0:00:09]} 15. gxh5 {[%emt 0:00:21]} Nxh5 {[%emt 0:00:33]} 16. Bh3 {[%emt 0:00:43]} Rc7 {[%emt 0:01:43]} 17. Rhg1 {[%emt 0:05:05]} b5 $2 {[%emt 0:06:42]} (17... Qe5 $11 {and Black is okay.}) 18. Qg5 {[%emt 0:04:16]} Rh8 $1 {[%emt 0:04:54]} 19. f4 {[%emt 0:09:55] [#]} Be8 {[%emt 0:03:47]} (19... Qb6 $1 $17 {[%cal Rb6e3]} 20. f5 Qc5) 20. f5 {[%emt 0:11:43]} Rh6 {[%emt 0:16:51]} 21. fxg6 {[%emt 0:01:28]} f6 {[%emt 0:00:33]} 22. Qf5 $2 {[%emt 0:06:37]} (22. Qe3 $18) 22... Bd7 $2 {[%emt 0:01:25]} (22... Rxc3 $1 $11 23. bxc3 Qxc3) 23. Qd5 {[%emt 0:02:47]} Be8 {[%emt 0:01:17]} 24. Qf5 $11 {[%emt 0:16:17]} (24. Ne2 $18 Rc5 25. Qe6) 24... Bd7 {[%emt 0:11:49]} 25. Qd5 {[%emt 0:04:51]} Be8 {[%emt 0:00:17]} 26. Qf5 {[%emt 0:00:33]} 1/2-1/2

[Event "GER-ch Youth U12M 2018"]
[Site "Willingen"]
[Date "2018.05.25"]
[Round "9"]
[White "Rössel, Gino"]
[Black "Laux, Dominik"]
[Result "0-1"]
[WhiteElo "1705"]
[BlackElo "1889"]
[Annotator "NA"]
[PlyCount "126"]
[EventDate "2018.05.19"]
[EventType "swiss"]
[EventCountry "GER"]
[SourceTitle "playchess.com"]
[Source "ChessBase"]
[SourceQuality "1"]
[TimeControl "40/4500+30:900+30"]

1. e4 {[%emt 0:00:00]} g6 {[%emt 0:00:20]} 2. d4 {[%emt 0:00:00]} Bg7 {[%emt 0:00:07]} 3. Nc3 {[%emt 0:00:11]} c6 {[%emt 0:00:07]} 4. Nf3 {[%emt 0:00:42]} d6 {[%emt 0:00:05]} 5. Be2 {[%emt 0:06:00]} Nf6 {[%emt 0:00:38]} 6. h3 {[%emt 0:02:47]} O-O {[%emt 0:00:44]} 7. O-O {[%emt 0:01:21]} Nbd7 {[%emt 0:01:16]} 8. Be3 {[%emt 0:07:47]} b5 {[%emt 0:03:47]} 9. a3 {[%emt 0:05:38]} Bb7 {[%emt 0:05:40] LiveBook: 3 Games B08: Pirc Defence: Classical System} (9... Qc7 10. Nd2 a6 11. f4 Nb6 12. Qe1 c5 13. Qf2 Nfd7 14. Nb3 Na4 15. Nd5 Qd8 16. dxc5 Bb7 17. c4 bxc4 18. Bxc4 Naxc5 19. Nxc5 Nxc5 20. Bxc5 dxc5 21. Qxc5 {0-1 (40) Yap,K (2418)-Petrosian,T (2663) Dubai 2013}) 10. Qd2 {[%emt 0:07:46]} a5 {[%emt 0:04:31]} ({Black should play} 10... c5 $15) 11. e5 {[%emt 0:08:25]} Ne8 {[%emt 0:04:07]} 12. exd6 $146 {[%emt 0:01:51]} ({Predecessor:} 12. Rfd1 Nc7 13. Bh6 Nb6 14. Bxg7 Kxg7 15. Ne4 Ne6 16. Ng3 Qc7 17. Rac1 dxe5 18. Nxe5 Rfd8 19. c3 b4 20. Bg4 bxc3 21. bxc3 Bc8 22. Bxe6 Bxe6 {½-½ (22) Karthaus,C (1970)-Arns,A (1725) Wiesbaden 2014}) 12... Nxd6 {[%emt 0:00:18]} 13. Bh6 {[%emt 0:01:40]} Nb6 {[%emt 0:08:18]} 14. Bxg7 {[%emt 0:01:16]} Kxg7 {[%emt 0:00:14]} 15. b3 {[%emt 0:03:53]} Nd5 {[%emt 0:08:16]} 16. Ne5 {[%emt 0:03:26]} Nxc3 {[%emt 0:12:28]} 17. Qxc3 {[%emt 0:00:52]} f6 {[%emt 0:06:28]} 18. Nd3 {[%emt 0:07:52]} ({Reject} 18. Nxc6 $6 Bxc6 19. Qxc6 Rc8 $11) 18... Ne4 {[%emt 0:06:33]} 19. Qb2 {[%emt 0:00:42]} Qd6 {[%emt 0:00:56]} 20. Rad1 {[%emt 0:01:41]} b4 {[%emt 0:01:33]} 21. axb4 {[%emt 0:05:53]} axb4 {[%emt 0:00:24]} 22. Nc5 {[%emt 0:04:20]} Nxc5 {[%emt 0:01:34]} 23. dxc5 {[%emt 0:00:06]} Qxc5 {[%emt 0:00:05]} 24. Rd7 {[%emt 0:00:55]} Bc8 {[%emt 0:00:23]} 25. Rd2 {[%emt 0:01:44]} Be6 {[%emt 0:02:15]} 26. Rfd1 {[%emt 0:01:28]} Bd5 {[%emt 0:01:19]} 27. Qd4 {[%emt 0:03:32]} Qxd4 {[%emt 0:02:35]} 28. Rxd4 {[%emt 0:00:13]} Rfb8 {[%emt 0:01:33]} 29. Bc4 {[%emt 0:01:42]} e5 {[%emt 0:04:26]} 30. R4d3 {[%emt 0:02:15]} Bxc4 {[%emt 0:01:08]} 31. bxc4 {[%emt 0:00:06]} Ra2 {[%emt 0:00:48]} 32. Rc1 {[%emt 0:00:29]} Rb7 {[%emt 0:02:07]} 33. Rb3 {[%emt 0:01:11]} c5 {[%emt 0:01:33]} 34. c3 {[%emt 0:00:36]} Ra3 {[%emt 0:00:21]} 35. Rcb1 {[%emt 0:00:27]} Rxb3 {[%emt 0:00:22]} 36. Rxb3 {[%emt 0:00:05]} Kf7 {[%emt 0:01:00]} 37. Kf1 {[%emt 0:00:44]} Ke6 {[%emt 0:00:42]} 38. Ke2 {[%emt 0:00:18]} e4 {[%emt 0:01:31]} 39. Ke3 {[%emt 0:00:54]} Ke5 {[%emt 0:00:44]} 40. g3 {[%emt 0:02:22]} f5 {[%emt 0:16:35]} 41. h4 {[%emt 0:15:32]} h6 {[%emt 0:01:24]} 42. Rb2 {[%emt 0:00:00]} b3 {[%emt 0:00:00]} 43. f4+ {[%emt 0:00:00]} Kd6 {[%emt 0:00:00]} 44. Kd2 {[%emt 0:00:00]} h5 {[%emt 0:00:00]} 45. Kc1 {[%emt 0:00:00]} Kc6 {[%emt 0:00:00]} 46. Kd1 {[%emt 0:00:00]} Rd7+ {[%emt 0:00:00]} 47. Ke2 {[%emt 0:00:00]} Rd3 {[%emt 0:00:00]} 48. Rxb3 {[%emt 0:00:00]} Rxg3 {[%emt 0:00:00]} 49. Ra3 {[%emt 0:00:09]} Kb7 {[%emt 0:00:00]} 50. Rb3+ {[%emt 0:00:43]} Kc7 {[%emt 0:00:25]} 51. Rb5 {[%emt 0:00:24]} Kc6 {[%emt 0:00:10]} 52. Ra5 $19 {[%emt 0:00:05]} Rg4 {[%emt 0:01:52]} 53. Ra6+ {[%emt 0:00:18]} Kb7 {[%emt 0:00:16]} 54. Rf6 {[%emt 0:00:12]} Rxh4 {[%emt 0:00:41]} 55. Rxg6 {[%emt 0:00:45]} Rxf4 {[%emt 0:00:06]} 56. Rh6 {[%emt 0:00:27]} h4 {[%emt 0:00:39]} 57. Kd2 {[%emt 0:00:34]} Kc7 {[%emt 0:01:33]} 58. Ke2 {[%emt 0:01:00]} Kd7 {[%emt 0:00:20]} 59. Kd2 {[%emt 0:00:48]} Rf2+ {[%emt 0:00:16]} 60. Ke1 {[%emt 0:00:30]} Rf3 {[%emt 0:00:36]} 61. Rxh4 {[%emt 0:00:14]} Rxc3 {[%emt 0:00:04]} 62. Kd2 {[%emt 0:01:06]} Rxc4 {[%emt 0:00:24]} 63. Ke3 {[%emt 0:00:13]} Ke6 {[%emt 0:01:32] Kd4 Ke5+} 0-1